000 00476 a2200157 4500
999 _c8194
_d8194
020 _a9780415916431
050 _aHZ1787 NGA 1996
100 _aGrosz-Ngate, Maria
_eeditor
245 _aGendered encounters;
_bChallenging cultural boundaries and social hierarchies in Africa/
264 _aNew York:
_bRoutledge;
_c1996
300 _aviii,254p.;
500 _aIncludes index
650 _aTraffic in men
700 _aKokole, Omari H.
_eeditor
942 _2lcc
_cBK
_h1787
_iNGA
_kHZ